| 000 | 05637namaa22004091i 4500 | ||
|---|---|---|---|
| 003 | OSt | ||
| 005 | 20260510123713.0 | ||
| 008 | 250827s2025 ua a|||frm||| 000 0 eng d | ||
| 040 |
_aEG-GICUC _bara _cEG-GICUC _dEG-GICUC _erda |
||
| 041 | 0 |
_aara _bara _beng |
|
| 049 | _aإيداع | ||
| 082 | 0 | 4 | _a179.1 |
| 092 |
_a179.1 _221 |
||
| 097 | _aدكتوراه | ||
| 099 | _aCai01.02.05.Ph.D.2025.هب.د | ||
| 100 | 0 |
_a،هبه جمال رسلان حفنى _eإعداد. |
|
| 245 | 1 | 0 |
_aدراسة تحليلية فى الأخلاقيات التطبيقية عند بيتر سنجر : _bأخلاق الحيوان نموذجا / _cإعداد هبه جمال رسلان حفنى؛ إشراف أ.د/ أحمد عبد الحليم عطية. |
| 246 | 1 | 5 |
_aAnalytical study of applied ethics according to peter singer : _bAnimal ethics as a model / |
| 264 | 0 | _c2025. | |
| 300 |
_a181 صفحة : _bإيضاحيات ؛ _c25 سم. + _eCD. |
||
| 336 |
_atext _2rda content |
||
| 337 |
_aUnmediated _2rdamedia |
||
| 338 |
_avolume _2rdacarrier |
||
| 502 | _aأطروحة (دكتوراه)-جامعة القاهرة، 2025. | ||
| 504 | _aببليوجرافيا: صفحات 171-180. | ||
| 520 | _aتتناول هذه الأطروحة دراسة تحليلية للأخلاقيات التطبيقية عند الفيلسوف بيتر سينجر، مع التركيز على أخلاق الحيوان كنموذج. كما تستكشف الأطروحة قضايا الأخلاق البيولوجية مثل الإجهاض والقتل الرحيم وتنظيم النسل والتعقيم، بالإضافة إلى الأخلاقيات البيئية المتعلقة بتغير المناخ والحفاظ على البراري وواجب الأجيال الحالية تجاه أجيال المستقبل.ومن أهم الأهداف الرئيسية للأطروحة : تحليل أفكار بيتر سينجر حول أخلاق الحيوان وتأثيرها على الفلسفة الأخلاقية ، استكشاف قضايا الأخلاق البيولوجية والأخلاقيات البيئية وعلاقتها بأخلاق الحيوان و مقارنة أفكار بيتر سينجر مع أفكار فلاسفة آخرين مثل جاك دريدا وتوم ريجان وبول تايلور حول أخلاق الحيوان . ومن المتوقع أن تساهم الأطروحة في تعزيز الفهم العميق لأخلاقيات الحيوان والبيئة ، تقدم رؤى جديدة حول أفكار بيتر سينجر وتأثيرها على الفلسفة الأخلاقية و تسلط الضوء على أهمية النقاش الفلسفي حول الأخلاقيات التطبيقية في مختلف المجالات .وتعتمد الأطروحة على المنهج التحليلي والنقدي لتحليل أفكار بيتر سينجر والفلاسفة الآخرين ، و تستخدم الأطروحة مصادر أولية وثانوية لتعزيز التحليل والنقاش .وترجع أهمية الأطروحة فى أنها تساهم في إثراء النقاش الفلسفي حول الأخلاقيات التطبيقية ، تقدم رؤى قيمة حول أخلاقيات الحيوان والبيئة والأخلاق البيولوجية ويمكن أن تكون الأطروحة مرجعًا هامًا للباحثين في مجال الفلسفة الأخلاقية . | ||
| 520 | _aThis thesis offers an analytical study of the applied ethics of philosopher Peter Singer, focusing on animal ethics as a model. It also explores bioethical issues such as abortion, euthanasia, birth control, and sterilization, as well as environmental ethics related to climate change, wilderness conservation, and the duty of present generations to future generations.The main objectives of the thesis include: analyzing Peter Singer's ideas on animal ethics and their impact on moral philosophy; exploring issues of bioethics and environmental ethics and their relationship to animal ethics; and comparing Peter Singer's ideas with those of other philosophers such as Jacques Derrida, Tom Regan, and Paul Taylor on animal ethics.It is expected that the thesis will contribute to a deeper understanding of animal and environmental ethics, offer new isights into Peter Singer's ideas and their impact on moral philosophy, and highlight the importance of philosophical debate on applied ethics in various fields. The thesis adopts an analytical and critical approach to analyze the ideas of Peter Singer and other philosophers. It uses primary and secondary sources to enhance the analysis and discussion. The importance of the thesis lies in its contribution to enriching the philosophical debate on applied ethics. It offers valuable insights into animal ethics, environmental ethics, and bioethics. It can serve as an important reference for researchers in the field of moral philosophy | ||
| 530 | _aصدر أيضًا كقرص مدمج. | ||
| 546 | _aالنص بالعربية والملخص باللغة الإنجليزية والعربية. | ||
| 650 | 7 |
_aأخلاقيات البيئة _2qrmak |
|
| 653 | 0 |
_aأخلاق الحيوان _aأخلاقيات البيئة _aأخلاق المناخ |
|
| 700 | 0 |
_aأحمد عبد الحليم عطية _eمشرف أطروحة. |
|
| 900 |
_b22-03-2025 _cأحمد عبد الحليم عطية _dفاطمة إسماعيل _dوجدى خيرى نسيم _Uجامعة القاهرة _Fكلية الآداب _Dقسم الفلسفة |
||
| 905 | _aSara | ||
| 942 |
_2ddc _cTH _e21 _n0 |
||
| 999 | _c180069 | ||